[Event "Gibraltar Masters 13th"]
[Site "Caleta"]
[Date "2015.02.03"]
[Round "8"]
[White "Nakamura, Hikaru"]
[Black "Yu, Yangyi"]
[Result "1-0"]
[WhiteElo "2776"]
[BlackElo "2724"]
[Annotator "Ftacnik,L"]
[PlyCount "77"]
[EventDate "2015.01.27"]
[EventType "swiss"]
[EventRounds "10"]
[EventCountry "GGB"]
[SourceTitle "CBM 165"]
[Source "ChessBase"]
[SourceDate "2015.03.11"]
[SourceVersion "1"]
[SourceVersionDate "2015.03.11"]
[SourceQuality "1"]

1. e4 c5 2. c3 d5 3. exd5 Qxd5 4. Na3 {Nakamura is not playing 2.c3 Sicilian
with the hope of boring, peaceful stuff. Every opening can be treated in
different manners, White hopes to infuse enough venom into an otherwise
restrained line.} Nf6 5. Nf3 Nc6 6. Bc4 Qd8 7. O-O a6 {The Chinese player
comes up with a novelty on move 7, which may indicate a bit of surprise or
creativity. In any case most players so far have tried to speed up the
development of the black pieces with the natural 7...e6.} (7... e6 8. d4 (8.
Re1 Be7 9. Nc2 O-O 10. d4 Qc7 11. Bf1 b6 12. Bg5 Bb7 13. Bh4 Rad8 14. Qe2 Nd5
15. Bxe7 Qxe7 16. g3 cxd4 17. Ncxd4 Nxd4 18. Nxd4 h6 19. Rad1 $11 {0-1 (43)
Cherniaev,A (2447)-Cheparinov,I (2678) Khanty-Mansiysk 2013}) 8... cxd4 (8...
a6 9. dxc5 Qxd1 10. Rxd1 Bxc5 11. Nc2 b5 12. Be2 Bb7 13. Be3 Bxe3 14. Nxe3 Ke7
15. Nd4 Nxd4 16. Rxd4 Rhd8 17. Rad1 Rxd4 18. Rxd4 Bc6 19. f4 h6 $11 {0-1 (30)
Mestrovic,Z (2366)-Markus,R (2595) Nova Gorica 2006}) 9. Nb5 dxc3 (9... a6 10.
Nbxd4 Nxd4 11. Nxd4 Bd6 12. Bb3 Qc7 13. h3 O-O 14. Bg5 Ne4 15. Be3 Bh2+ 16. Kh1
Bf4 17. Qf3 Bxe3 18. Qxe3 Nf6 19. Rae1 b6 20. f4 Re8 21. Qe5 Qxe5 22. Rxe5 $11
{1/2 (28) Haba,P (2522)-Horvath,P (2484) Austria 2006}) 10. Bf4 cxb2 11. Rb1
Nh5 12. Nc7+ Ke7 13. Bg5+ f6 14. Qxd8+ Kxd8 15. Nxa8 fxg5 16. Nxg5 Ke7 17. Rxb2
Kf6 18. f4 $14 {1/2 (70) Amat0r,R (2625)-Dummkoller (2442) playchess.com INT
2007}) (7... Bg4 $2 8. Qb3 $16) 8. Nc2 Bg4 {Despite the mild development
advantage for White, Black's position is very solid with several continuations
to choose from.} (8... e6 9. d4 cxd4 10. Ncxd4 Nxd4 11. Nxd4 $11) (8... b5 9.
Be2 Bb7 10. d4 (10. a4 b4 $1 $11) 10... e6 11. Bg5 $11) 9. d4 e6 (9... cxd4 10.
Ncxd4 Nxd4 11. cxd4 e6 12. h3 Bh5 $11) 10. h3 Bxf3 $2 {In a positional sense
the exchange of the light-squared bishop is a genuinely horrible move. Yu must
have hoped, that he would get enough pressure against White's centre, but he
will be sorely disappointed.} (10... Bh5 11. Be3 cxd4 12. Ncxd4 Nxd4 13. Bxd4
Bd6 $11) (10... Bf5 11. Bg5 $14) 11. Qxf3 Rc8 (11... cxd4 12. Rd1 Bc5 13. cxd4
$14) 12. Rd1 $1 {Even the obvious solutions can be quite strong, so the
exclamation mark is given for the sheer merit of the centralisation of the
rook.} (12. Bd3 $6 cxd4 13. cxd4 Be7 $11) 12... cxd4 13. Bb3 (13. cxd4 Bd6 (
13... Nb4 14. Ne3 Nc2 15. Nxc2 Rxc4 16. Ne3 Rc7 17. d5 Rd7 18. dxe6 fxe6 (18...
Rxd1+ 19. Nxd1 fxe6 20. Bf4 Qd5 21. Qc3 $16) 19. Rxd7 Qxd7 20. Ng4 $14) 14. b3
O-O $11) 13... Qc7 (13... e5 14. cxd4 e4 (14... exd4 15. Nxd4 Nxd4 16. Qxb7 Be7
17. Ba4+ Kf8 18. Rxd4 $18) 15. Re1 Be7 16. Rxe4 $16) (13... Na5 14. Bg5 $1 Be7
15. Nxd4 $16) 14. Nxd4 Nxd4 {The frustration of the defender has definitely
set in, the choices of the best move were not made with a light heart.} (14...
Be7 15. Bf4 Qb6 16. Re1 $1 $16) 15. cxd4 (15. Rxd4 Bc5 16. Bf4 Qc6 17. Qxc6+
Rxc6 18. Rd2 Ke7 $11) 15... Bd6 {The bishop goes to the centre despite the
obvious problem with the stability of the f6-knight.} (15... Qc6 $2 16. d5 $1
$16) (15... Be7 16. Bf4 Qc6 17. Rdc1 $16) 16. Bg5 Ke7 {An imperfect solution
in a difficult situation, Black is at least postponing the real problem to the
future.} (16... Qc6 17. d5 Nxd5 18. Rac1 Qd7 19. Rxc8+ Qxc8 20. Bxd5) (16...
Qe7 17. Bxf6 gxf6 18. d5 $16) 17. Re1 {[%mdl 128] Nakamura could have
centralised the rooks via a different route, but the result would most likely
have been in the end identical.} (17. Rd3 $5 h6 18. Bxf6+ gxf6 19. Re1 h5 20.
Rde3 $16) 17... h6 18. Bxf6+ gxf6 19. Re3 h5 20. Rae1 Qd7 {The queen is a very
bad defender, but the blow on the e6 was quite obvious and so devastatin, that
it was simply impossible to ignore.} (20... h4 21. Bxe6 fxe6 22. Rxe6+ Kd7 23.
Qf5 $1 $18) 21. Qe4 (21. d5 e5 22. R3e2 Qd8 23. Bc2 Kf8 24. Rd1 $16) 21... Kf8
22. d5 e5 {Some games are very similar to a path with quite a few very
difficult choices. Black is not pushing the pawn to e5 with an easy heart, but
the alternatives were in the end considered to be inferior.} (22... Be5 $2 23.
dxe6 fxe6 24. Rd1 Qe7 25. Red3 Rh7 26. Bxe6 $1 $18) (22... exd5 23. Qf3 Kg7 24.
Qxd5 Rcd8 25. Re7 Bh2+ 26. Kxh2 Qxd5 27. Bxd5 Rxd5 28. Rxb7 $16) 23. Rf3 Kg7 (
23... Rh6 24. Bc2 Bc5 25. Qe2 Qd6 26. Bf5 $16) 24. Bc2 h4 25. Rf5 (25. a3 Rh6
26. b4 $16) 25... Rh6 26. Bd3 {The crisis is impending, but White is not
exactly sure about its character.} (26. Bd1 $6 Rc1 $1 $11) 26... Qc7 (26... Rg8
27. Kh1 $16) 27. Qg4+ Kf8 (27... Rg6 28. Qxh4 Qa5 29. Rf1 Qxd5 30. Rf3 $16) 28.
Rf3 Qc5 $2 (28... Qd8 $1 29. Bf5 Rc5 30. Rd3 Qc7 31. Be4 $16) 29. Bxa6 $5 {
They say that eagle has a an eye able to distinguish small prey on the ground.
The battles between very good tactical masters can sometimes remind you of the
skill to see the subtle details in the position.} (29. Bh7 Qc1 30. Rfe3 Qc4 31.
Re4 Qc2 32. Bf5 $16) (29. Be4 Rd8 30. Rd1 $16) 29... Rg6 $6 (29... bxa6 30. Rc3
$18) (29... Rc7 30. Bf1 Qc2 31. Rb3 $16) 30. Qf5 $2 {Humans are very fragile,
especially under pressure and in extreme situations. White is not taking time
and effor to investigate if the grabbing of the h4-pawn will work.} (30. Qxh4
Rd8 (30... bxa6 31. Rc3 Rxg2+ 32. Kxg2 Qxd5+ 33. Rf3 $18) (30... Qa5 31. Qh8+
Rg8 32. Qh6+ Rg7 (32... Ke8 33. Qxf6 Qxe1+ 34. Bf1 $18) 33. Rf1 $18) 31. Bf1
$18) 30... Kg7 (30... Rc7 31. Bd3 Qb4 32. Rfe3 Rh6 $16) 31. Bd3 (31. Bxb7 $2
Qb4 $19) 31... Qb4 32. Rfe3 Rc5 $2 {Nobody is claiming that the black position
can be called sweet in any sense, but there was no need to push the situation
to the brink. It was necessary to grind one's teeth and to sit tight hoping to
survive the worst.} (32... Rc7 33. R3e2 $1 (33. Re4 Qd2 34. R4e2 Qg5 $14) 33...
Rh6 34. Be4 $16) (32... Rd8 33. Be4 $16) 33. Qd7 $1 Rc7 34. Qd8 Rg5 (34... Rh6
35. a3 $1 Qb6 36. Re4 Bc5 37. d6 Qxd6 (37... Bxf2+ 38. Kh1 Rc6 39. Rg4+ Rg6 40.
Rxg6+ fxg6 41. Qe7+ Kh6 42. Qxf6 $18) 38. Rg4+ Rg6 39. Qxd6 Bxd6 40. Bxg6 fxg6
41. Rxh4 $18) 35. Re4 Qd2 (35... Qc5 36. Rxh4 Bf8 37. Rh7+ Kg8 38. Qxf6 $18)
36. Bf1 $1 {A masterly retreat, when White is already combining attack in the
centre with a devastating idea of taking the pawn on h4.} (36. R1e3 $2 Rc1+ 37.
Bf1 Bc7 38. Qe8 Qxd5 $15) 36... Qxd5 (36... Bc5 37. R4e2 (37. R1e2 Qc1 38. Rxh4
Rc8 39. Qd7 $18) 37... Qa5 38. d6 Bxd6 39. Qxd6 $18) 37. Rxh4 Kg6 38. g4 $1 {
Sometimes even the most anti-positional move can be very pleasing. The obvious
target is the black king locked in on the kingside in the corner of the board.}
f5 39. Qg8+ {We may probably agree in judging the position to be completely
winning for White. Some purist might be "scandalised"by the choice of the
final move, since the thematic 39.Qh8 challenges Black into attempts to avoid
being literally mated. Hopefully players will learn that moves like 10...Bxf3
can have lasting and very depressing consequences.} (39. Qh8 fxg4 (39... f6 40.
Bb5 $1 Qxb5 (40... Rc6 41. Qh7#) 41. Rh6+ Kf7 42. Rxf6+ Ke7 43. Qf8+ Kd7 44.
Rxd6#) (39... Bf8 40. Qxf8 Kf6 41. Qh6+ Rg6 42. Qh8+ Ke6 43. Bg2 $18) 40. Rh6+
Kf5 41. Rf6#) (39. Qg8+ Kf6 40. Rh6+ Rg6 41. Rxg6+ fxg6 42. Qxd5 $18) 1-0

[Event "Zuerich Chess Challenge 4th"]
[Site "Zuerich"]
[Date "2015.02.14"]
[Round "1"]
[White "Caruana, Fabiano"]
[Black "Nakamura, Hikaru"]
[Result "0-1"]
[WhiteElo "2811"]
[BlackElo "2776"]
[Annotator "Pavlovic,M"]
[PlyCount "82"]
[EventDate "2015.02.14"]
[EventType "tourn"]
[EventRounds "5"]
[EventCountry "SUI"]
[EventCategory "22"]
[SourceTitle "CBM 165"]
[Source "ChessBase"]
[SourceDate "2015.03.11"]
[SourceVersion "1"]
[SourceVersionDate "2015.03.11"]
[SourceQuality "1"]

1. e4 c5 2. Nf3 d6 3. d4 cxd4 4. Nxd4 Nf6 5. Nc3 a6 6. h3 {A popular line
nowadays, played by Bobby Fischer on a very few occasions a long time ago, has
now resurfaced again. I guess that 6.Bg5 is in crisis as well as 6.Be3,
otherwise I don't really see why would anybody would play such a passive move
with White.} e5 7. Nde2 h5 {A very popular line, it is a direct attempt to
stop a g4 expansion or Ng3.} 8. g3 Nbd7 9. Bg5 Be7 10. a4 Nc5 $5 {I can't say
if this is new or not. In today's chess with so many games played every day it
is difficult to draw a line as to what is new and what is not.} (10... b6 11.
Bg2 Bb7 12. O-O O-O 13. Qd2 Rc8 14. Rfd1 Re8 15. Qe3 Rc4 16. b3 Rc5 17. Rd3 Qc7
18. Rad1 Qc6 19. h4 b5 20. axb5 axb5 21. Bh3 Bf8 22. Bxd7 Nxd7 23. Qf3 Qc8 {
1/2-1/2 (53) Shirov,A (2675)-Oparin,G (2543) Moscow (rapid) 2014; with a
complicated struggle ahead of us.}) 11. Bg2 Be6 12. a5 b5 (12... O-O 13. g4 $5
{Although interesting, there is no real need for this; White can play 13.0-0
and transpose to the game.} b5 14. axb6 hxg4 15. b7 Rb8 16. Ng3 Qb6 17. hxg4
Qxb2 18. Bd2 Bxg4 19. f3 Be6 20. Rb1 Qa3 21. Rh2 $13 {1-0 (34) Romm,M-Dolin,B
corr. 2014}) 13. axb6 Qxb6 14. b3 O-O 15. O-O a5 16. Qd2 Rfc8 17. Rfd1 a4 {
An intuitive pawn sacrifice, there are interesting computer generated ideas as
an option:} (17... Rc6 18. Ra3 Rac8 19. Rda1 Ncxe4 $5 20. Nxe4 Rxc2 21. Qd3
Nxe4 22. Be3 Nxf2 23. Kxf2 Qd8 24. Rxa5 Bf8 25. R5a2 Rxa2 26. Rxa2 d5 27. Kg1
d4 28. Bd2 Qb6 $44) ({A logical attempt is} 17... Qb4 $5 18. Bxf6 Bxf6 19. Qxd6
Rd8 20. Qc6 Rxd1+ 21. Rxd1 Rc8 22. Qb5 Qxb5 23. Nxb5 a4 24. bxa4 Nxa4 25. Rc1
Be7 $11) 18. bxa4 Bc4 19. a5 $1 $14 {White has an initiative: the black pawn
sacrifice didn't fully pay off and White is gaining momentum.} Qd8 (19... Rxa5
20. Bxf6 Rxa1 21. Bxe7 Rxd1+ 22. Qxd1 $16) 20. Bxf6 Bxf6 21. Qxd6 Qxd6 22. Rxd6
Nb7 23. Rd2 Rxa5 {Black should have considered an alternative to be played
sooner or later:} (23... h4 $5 24. Nd5 Rxa5 25. Rxa5 Nxa5 26. Nxf6+ gxf6 27.
Nc3 Be6 28. Nd5 Bxd5 29. exd5 Nc4 30. Rd3 Nd6 31. Rb3 hxg3 32. fxg3 Rxc2 33.
Rb6 Rc1+ 34. Kh2 Nf5 {Black has good counterplay in this endgame.}) 24. Rb1 Nc5
25. Nd5 Bd8 26. h4 $1 Ra3 27. Nec3 Rca8 28. Rdd1 Ba5 {Black has accumulated
all his forces on the queenside but still that won't be enough.} 29. Nb5 Ra2
30. Bf3 g6 31. Ne7+ (31. Nd6 $1 Bxd5 32. Rxd5 Rxc2 33. Ra1 {with an unpleasant
position for Black.}) 31... Kg7 32. Nc6 Na4 33. Nd6 Be6 34. Rb7 Rxc2 35. Nxe5
$2 {A serious mistake after which White loses the thread in the game.} (35.
Nxf7 $1 Nc5 (35... Bxf7 36. Nxe5 Rc7 37. Rxc7 Bxc7 38. Nxf7 $16) 36. Rb5 Bxf7
37. Rxa5 Rxa5 38. Nxa5 {White is a pawn up.}) 35... Nc5 36. Re7 Kf8 {The rook
is trapped now, the position has changed dramatically in Black's favour.} 37.
Nc6 (37. Rxf7+ Bxf7 38. Ndxf7 Bc7 39. Nd6 Kg7 40. Ndc4 Raa2 41. Rd5 Bb8 42.
Rxc5 Bxe5 43. Rxe5 Rxc4 44. Rg5 Rcc2 45. Bxh5 Rxf2 $17) 37... Nb3 38. e5 Bb6
39. Rb7 $2 {A big mistake but a logical one; previous moves had been played to
save the rook and not to sac it so Rb7 is consequently played, unfortunately
for White it just loses.} Bxf2+ 40. Kg2 Bc5+ 41. Kh1 Raa2 0-1

[Event "Zuerich Chess Challenge 4th"]
[Site "Zuerich"]
[Date "2015.02.16"]
[Round "3"]
[White "Nakamura, Hikaru"]
[Black "Karjakin, Sergey"]
[Result "1-0"]
[WhiteElo "2776"]
[BlackElo "2760"]
[Annotator "RR"]
[PlyCount "53"]
[EventDate "2015.02.14"]
[EventType "tourn"]
[EventRounds "5"]
[EventCountry "SUI"]
[EventCategory "22"]
[SourceTitle "CBM 165"]
[Source "ChessBase"]
[SourceDate "2015.03.11"]
[SourceVersion "1"]
[SourceVersionDate "2015.03.11"]
[SourceQuality "1"]

1. Nf3 Nf6 2. c4 c5 3. Nc3 Nc6 4. d4 cxd4 5. Nxd4 e6 6. g3 Qb6 7. Ndb5 Ne5 8.
Bf4 Nfg4 9. Qa4 g5 10. Bxe5 Qxf2+ 11. Kd1 Nxe5 12. Nc7+ Kd8 13. Nxa8 Qd4+ 14.
Kc2 Nxc4 15. e4 Ne3+ $2 (15... Qd2+ 16. Kb3 Qxb2+ $1 17. Kxc4 Bg7 18. Qa5+ b6
19. Qxg5+ f6 20. Qb5 $1 Ba6 $1 21. Qxa6 f5 $11) 16. Kb3 Qd2 17. a3 Qc2+ 18. Ka2
Qxa4 19. Nxa4 Nxf1 20. Rhxf1 b5 21. N4b6 axb6 22. Nxb6 Bb7 23. Rxf7 Bc6 24. Rd1
Be7 25. Rf3 Kc7 26. Nxd7 Rd8 27. Rc3 1-0

[Event "Zuerich Chess Challenge playoff 4th"]
[Site "Zuerich"]
[Date "2015.02.19"]
[Round "1"]
[White "Anand, Viswanathan"]
[Black "Nakamura, Hikaru"]
[Result "0-1"]
[WhiteElo "2797"]
[BlackElo "2776"]
[PlyCount "58"]
[EventDate "2015.02.19"]
[EventType "match"]
[EventRounds "1"]
[EventCountry "SUI"]
[SourceTitle "CBM 165"]
[Source "ChessBase"]
[SourceDate "2015.03.11"]
[SourceVersion "1"]
[SourceVersionDate "2015.03.11"]
[SourceQuality "1"]

1. d4 d5 2. c4 e6 3. Nc3 Be7 4. Nf3 Nf6 5. Bf4 O-O 6. e3 Nbd7 7. c5 Nh5 8. Be5
c6 9. g4 Nhf6 10. Rg1 Nxe5 11. Nxe5 Nd7 12. Nxd7 Bxd7 13. f4 b6 14. b4 a5 15.
a3 axb4 16. axb4 Qb8 17. g5 bxc5 18. bxc5 Qb4 19. Rc1 Ra3 20. Qd2 Bd8 21. Nd1
Qxd2+ 22. Kxd2 Ba5+ 23. Ke2 Rb8 24. Kf3 e5 25. fxe5 Bf5 26. Rg2 Be4+ 27. Kf4
Bxg2 28. Bxg2 Ra2 29. Bf3 Bd2 0-1

[Event "Khanty-Mansiysk FIDE GP"]
[Site "Khanty-Mansiysk"]
[Date "2015.05.21"]
[Round "7"]
[White "Nakamura, Hikaru"]
[Black "Vachier Lagrave, Maxime"]
[Result "1-0"]
[WhiteElo "2799"]
[BlackElo "2754"]
[Annotator "Gormally,D"]
[PlyCount "53"]
[EventDate "2015.05.14"]
[EventType "tourn"]
[EventRounds "11"]
[EventCountry "RUS"]
[EventCategory "21"]
[SourceTitle "CBM 167"]
[Source "ChessBase"]
[SourceDate "2015.07.13"]
[SourceVersion "1"]
[SourceVersionDate "2015.07.13"]
[SourceQuality "1"]

1. d4 {[%emt 0:00:03]} Nf6 {[%emt 0:00:04]} 2. Bf4 {[%emt 0:00:07]} b6 {
[%emt 0:02:10]} 3. c4 {[%emt 0:02:50]} Bb7 {[%emt 0:00:30]} 4. Nc3 {[%emt 0:00:
07]} e6 {[%emt 0:03:13]} 5. a3 {[%emt 0:06:38]} d5 {[%emt 0:07:18] This is
already rare stuff. Presumably both players were happy with this development -
Vachier Lagrave was having a terrible tournament and was probably just
relieved to play some interesting and new type of positions, while Nakamura is
also often happy to leave the confines of main-line opening theory.} ({Of
course Black has a lot of choice about how to approach this line. One way is
the double fianchetto with} 5... g6 $5 6. Nf3 Bg7 7. e3 (7. Qd2 $5 {with the
idea of Bh6, is also possible}) 7... O-O 8. Be2 d6 9. h3 Nbd7 {Shchekachev,A 
(2560)-Zvjaginsev,V (2590) Elista 1996, when Black was totally fine.}) 6. e3 {
[%emt 0:10:00]} ({In another game White played more directly;} 6. cxd5 exd5 7.
Nb5 $5 Na6 8. Qc1 c6 9. Qe3+ $1 Be7 10. Nd6+ Kf8 11. Nf5 (11. Nxb7 $1 {taking
material is often best :D} Qd7 12. Nf3 Qxb7 13. g3 $16) 11... Qd7 12. Qxe7+
Qxe7 13. Bd6 Qxd6 14. Nxd6 Bc8 15. e4 {Bruno,F (2436)-Rombaldoni,D (2480)
Boscotrecase 2014, with interesting play in the endgame.}) 6... Bd6 {[%emt 0:
01:37]} 7. Bg5 $1 {[%emt 0:01:28]} h6 {[%emt 0:06:38]} (7... O-O 8. cxd5 exd5
9. Bd3 Nbd7 {and now as White hasn't yet committed the knight to f3 he has
more options, perhaps with} 10. Qf3 $1 {being the best of them; simple
development will follow with Nge2, 0-0 when White is ready to pressurise the
kingside.}) 8. Bxf6 {[%emt 0:19:05]} Qxf6 {[%emt 0:00:08]} 9. cxd5 {[%emt 0:00:
03]} exd5 {[%emt 0:00:07]} 10. Qa4+ $1 {[%emt 0:00:04] Giving Black an awkward
decision to make. Nakamura is excellent at posing these little tactical
problems for his opponent.} Kf8 $6 {[%emt 0:09:07] The loss of time associated
with castling by hand allows Nakamura to grab the advantage.} (10... Bc6 $1 {
was the only real alternative, even if this looks a little ugly.} 11. Bb5 (11.
Qc2 O-O 12. g3 Bb7 13. Bg2 c6 14. Nge2 Nd7 {also looks more than acceptable
for Black}) 11... Bxb5 12. Qxb5+ c6 13. Qd3 O-O 14. Nge2 {on the surface looks
rather nice for White - he has a simple plan of 0-0, followed by f3 and e4.
But Black remains very solid and with accurate play it will be difficult for
White to develop an initiative:} Re8 15. O-O Qe6 $1 {preventing f3} 16. b4 Nd7
$13) 11. g3 {[%emt 0:01:22]} c6 {[%emt 0:12:06]} 12. Bg2 {[%emt 0:01:07]} g6 {
[%emt 0:01:25]} 13. Nge2 {[%emt 0:01:22]} Kg7 {[%emt 0:00:08]} 14. O-O {
[%emt 0:01:26]} Qd8 {[%emt 0:09:42] Slightly passive. Slowly and almost
inperceptibly Black inches closer to the precipice.} ({I'm sure a more in form
and less tired Maxime would have found the more combative} 14... Qf5 $1 {
if White continues as he did in the game with} 15. e4 {then Black looks much
more co-ordinated and active after} (15. f3 {is certainly possible. However
even when White is able to carry out e4, this does at least give Black
something to bite on in terms of counterplay against d4.} Qd7 16. e4 c5 $5 17.
Qxd7 Nxd7 18. exd5 Nf6 $1 {with excellent counterplay in the centre.} (18...
cxd4 19. Nxd4 Bc5 20. Rad1 Nf6 21. b4 $1 {is less accurate})) 15... dxe4 16.
Nxe4 Rd8 $1) 15. e4 {[%emt 0:10:43]} dxe4 {[%emt 0:00:07]} 16. Nxe4 {[%emt 0:
00:15]} Re8 {[%emt 0:00:14]} 17. Rad1 {[%emt 0:06:28]} Na6 {[%emt 0:07:53]} 18.
N2c3 {[%emt 0:08:55] Probably the critical moment of the game.} Nc7 $2 {
[%emt 0:06:46]} ({The only way to hold the position together tactically was by
} 18... Rb8 $1 19. d5 (19. Nxd6 Qxd6 20. Ne4 Qe7 {is also just about holding
together for Black}) 19... cxd5 20. Nxd5 {which perhaps surprisingly, isn't as
overwhelming as it looks at first sight for White:} Nc5 $1 {pretty much the
only move} 21. Nxc5 bxc5 22. Rd2 {when White retains a slight edge.} (22. Qxa7
$6 Bxd5 23. Rxd5 Rxb2 {is not convincing for White - for example} 24. Rfd1 $2
Qf6 $1)) (18... Bf8 $2 19. d5 $1 cxd5 (19... c5 20. d6 {and Black can hardly
move anything while the White d-pawn looks a monster}) 20. Nxd5 Bxd5 21. Qxa6 {
looks rather horrible.}) 19. Nc5 $1 {[%emt 0:01:16] Now White gains an almost
crushing positional edge.} bxc5 {[%emt 0:00:06]} 20. dxc5 {[%emt 0:00:08]} Nd5
{[%emt 0:00:05]} 21. cxd6 {[%emt 0:08:49]} Qxd6 {[%emt 0:00:07]} 22. Ne4 {
[%emt 0:02:00]} Qe5 {[%emt 0:06:33]} (22... Qe7 23. Rc1 {and with Nc5 coming,
it's getting really ugly.}) 23. Rc1 {[%emt 0:00:39]} Nb6 {[%emt 0:05:23]} 24.
Qb4 {[%emt 0:01:48]} Rad8 {[%emt 0:06:00]} 25. Nc5 {[%emt 0:01:12]} Rd4 $2 {
[%emt 0:03:16] Under pressure, Black gives the game away.} (25... Bc8 26. Bxc6
{just looks like a clean pawn.}) (25... Ba8 {looks like positional sucicide
and probably is as now the bishop can't move for a long time. It's a very
difficult move to force your hand to make, especially for an instinctively
active player like Maxime. However Black retains material parity for the time
being.} 26. Rfe1 Qd6 27. h3 $16) 26. Qc3 {[%emt 0:01:27]} Bc8 {[%emt 0:02:04]}
27. Rce1 {[%emt 0:00:34]} 1-0